Los Estados Unidos en la historia: desarrollo histórico de su pueblo y su significado

Guardat en:
Dades bibliogràfiques
Autor principal: Davis, Harold Eugene (Autor)
Format: Llibre
Idioma:espanyol
Publicat: Ciudad de México Uteha 1967
Edició:1a. ed
Col·lecció:Manuales Uteha, 353
Colección Historia, 10
Matèries:
Etiquetes: Afegir etiqueta
Sense etiquetes, Sigues el primer a etiquetar aquest registre!

MARC

LEADER 00000nam a2200000 a 4500
001 UCG3985
003 CL-VaPUC
008 101004e19670000MX |||||||||||||||||spa|d
082 0 4 |a 973  |b DAV  |2 21 
100 0 |a Davis, Harold Eugene  |e author  |9 553271 
245 1 4 |a Los Estados Unidos en la historia: desarrollo histórico de su pueblo y su significado 
250 |a 1a. ed 
300 |a 150 p 
942 |c BK 
945 |d 20101004 00:00:00  |a mfarfan 
260 |a Ciudad de México  |b Uteha   |c 1967 
650 0 |a Historia de Estados Unidos  |9 354186 
650 0 |a Desarrollo económico  |9 259599 
651 0 |a Estados Unidos  |9 255178 
583 |a last modification  |c 20101004 00:00:00  |k Rodrigo Vera 
490 0 |a Manuales Uteha, 353 
490 0 |a Colección Historia, 10 
999 |c 342894  |d 342892 
952 |0 0  |1 0  |4 0  |6 973_000000000000000_DAV_1967  |7 0  |8 A  |9 439586  |a BIBHIS  |b BIBHIS  |d 2019-11-22  |i 4722752  |o 973 DAV 1967  |p 4722752  |r 2025-01-20  |w 2019-11-22  |y BK  |k HIS